000 00954nam a2200253 a 4500
001 20878
003 CO-ViMGA
005 20250801162556.0
008 141112s2004 ck r 000 u spa d
020 _a9583358452
040 _aCO-ViMGA
_bspa
_cCO-ViMGA
082 _aFr918.6156 M177
100 1 _aMartinez Miranda, Edilberto
_97517
245 1 0 _aGranada :
_bBoquemonte Un cruce de caminos
260 _aGranada :
_bCormacarena,
_c2004
300 _a125p
505 _aTalanquera 1 - - Emblemas 26 - - Referencias universales 27 - - Regencia municipal 81
590 _aForma de adquisición : Compra - - Precio : 13000 - - Proveedor : Inversiones Ladino e hijos - - Fecha de adquisición : Julio 2006
650 1 4 _aGRANADA (META) - COLOMBIA - CONDICIONES SOCIALES
_97519
650 1 4 _aGRANADA (META) - COLOMBIA - DESCRIPCION
_97518
650 1 4 _aGRANADA (META) - COLOMBIA - Política Y GOBIERNO
_97520
942 _2ddc
_cBK
999 _c10957
_d10957